| 000 | 00740nam a22002297a 4500 | ||
|---|---|---|---|
| 003 | UA-OsUOA | ||
| 001 | 25978 | ||
| 007 | ta | ||
| 008 | 20040506b un ||||| |||| 00| 0 ukr d | ||
| 090 |
_a371.214 _bН12 |
||
| 942 | _cBK | ||
| 040 |
_aUA-OsUOA _bukr _cUA-OsUOA _dUA-OsUOA |
||
| 245 |
_aНа допомогу вчителям народознавства, музики, фольклорних гуртків і театрів _bМетодичні рекомендації _cРед. М.Мельник |
||
| 300 | _a124 с. | ||
| 955 | _a0 | ||
| 041 | _aukr | ||
| 080 | _a371.214 | ||
| 260 |
_aКиїв _bІнститут Системних Досліджень Освіти _c1995 |
||
| 044 | _aUA | ||
| 650 | 7 | _2UDC | |
| 999 |
_c312284 _d312284 |
||